Central Library OPAC University of Rajshahi

Trade and finance in the Bengal Presidency, 1793-1833 / (Record no. 6980)

MARC details
000 -LEADER
fixed length control field 00825cam a2200265 i 4500
001 - CONTROL NUMBER
control field 6980
003 - CONTROL NUMBER IDENTIFIER
rucl marc code BD-RjUL
005 - DATE AND TIME OF LATEST TRANSACTION
control field 20211208234340.0
008 - FIXED-LENGTH DATA ELEMENTS--GENERAL INFORMATION
fixed length control field 140113s1979 ii 001 0 eng d
035 ## - SYSTEM CONTROL NUMBER
System control number (BD-RjUL) 7022
040 ## - CATALOGING SOURCE
Original cataloging agency DLC
Transcribing agency DLC
Modifying agency BD-RjUL
Language of cataloging eng
041 ## - LANGUAGE CODE
Language code of text/sound track or separate title eng
082 00 - DEWEY DECIMAL CLASSIFICATION NUMBER
Classification number 380.1095414
Edition number 19
Author mark and year TRT 1979
100 1# - MAIN ENTRY--PERSONAL NAME
Personal name Tripathi, Amales,
Dates associated with a name 1921-
9 (RLIN) 21891
245 10 - TITLE STATEMENT
Title Trade and finance in the Bengal Presidency, 1793-1833 /
Statement of responsibility, etc. Amales Tripathi.
250 ## - EDITION STATEMENT
Edition statement New and rev. ed.
260 ## - PUBLICATION, DISTRIBUTION, ETC. (IMPRINT)
Place of publication, distribution, etc. Calcutta :
Name of publisher, distributor, etc. Oxford University Press,
Date of publication, distribution, etc. 1979.
300 ## - PHYSICAL DESCRIPTION
Pagination xii, 340 p. ;
Size 23 cm.
504 ## - BIBLIOGRAPHY, ETC. NOTE
Bibliography, etc Includes indexes.Bibliography: p. [313]-324.
610 20 - SUBJECT ADDED ENTRY--CORPORATE NAME
Corporate name or jurisdiction name as entry element East India Company.
650 #0 - SUBJECT ADDED ENTRY--TOPICAL TERM
Topical term or geographic name as entry element Industries
Geographic subdivision India
-- Bengal
General subdivision History.
9 (RLIN) 21892
942 ## - ADDED ENTRY ELEMENTS (KOHA)
Source of classification or shelving scheme Dewey Decimal Classification
Koha item type Books
Holdings
Lost status Source of classification or shelving scheme Damaged status Not for loan Collection code Permanent Location Current Location Shelving location Date acquired Source of acquisition Cost, normal purchase price Total Checkouts Full call number Date last seen Copy number Koha item type
  Dewey Decimal Classification   Not For Loan Non-fiction Central Library, University of Rajshahi Central Library, University of Rajshahi   23/01/1985 Tulip 120.00   380.1095414 TRT 1979 13/01/2014 C-1 Books